Tears of gold - Faouzia lyrics - Statistics

General Stats
  • This quiz has been taken 21 times
  • The average score is 246 of 342
Answer Stats
Answer % Correct
a
93%
gold
93%
I
93%
is
93%
is,
93%
it
93%
of
93%
tears
93%
you
93%
you?
93%
and
86%
And
86%
cry
86%
do
86%
don’t
86%
for
86%
know
86%
love
86%
me
86%
my
86%
that
86%
to
86%
all
79%
collect
79%
debt
79%
dimes
79%
here
79%
in
79%
Mama
79%
pennies
79%
that’s
79%
when
79%
why
79%
always
71%
cried
71%
heart?
71%
no
71%
no,
71%
sit
71%
the
71%
told
71%
back
64%
be
64%
because
64%
coming
64%
just
64%
keep
64%
like
64%
Like
64%
platinum
64%
right
64%
was
64%
away
57%
broke
57%
can
57%
check
57%
come
57%
enemy
57%
gave
57%
give
57%
going
57%
gonna
57%
head?
57%
I’d
57%
it’s
57%
lie
57%
maniac
57%
naive
57%
not
57%
on
57%
part
57%
poor
57%
times
57%
too
57%
trust
57%
again
50%
around
50%
crying
50%
end
50%
generosity
50%
help
50%
I’m
50%
over
50%
so
50%
thousand
50%
what
50%
worry
50%
worst
50%
your
50%
broken
43%
came
43%
down
43%
I’ll
43%
less
43%
make
43%
never
43%
rich
43%
this
43%
didn’t
36%
fault
36%
happen
36%
heart’s
36%
knew
36%
little
36%
much
36%
said
36%
think
36%
wrecked?
36%
but
29%
No matching quizzes found
Score Distribution
Percent of People with Each Score
Percentile by Number Answered
Your Score History
You have not taken this quiz